000 00399nam a2200169Ia 4500
003 GCL
008 140319s9999 xx 000 0 eng d
040 _aGCL /
_cGCL
082 0 4 _a372.6
_bSS
100 1 _aCHEERIN,SUSAN
245 1 0 _aSELF ACCESS /
_cCHEERIN,SUSAN
260 _a[S.N] :
_bELBS ،
_c1991
300 _a200.P
650 0 4 _aTEACHERS
650 0 4 _aENGLISH LANGUAGE
942 _2ddc
_cBK
999 _c11613
_d11613